Manejo integrado de los desechos sólidos municipales en la Concepción, Masaya 2003
Presenta el manejo integrado de los desechos sólidos municipales en la Concepción, Masaya 2003 en el cual se presenta el cálculo de la producción per cápita de los desechos sólidos, así como la estimación física de los desechos.
| Main Authors: | , |
|---|---|
| Other Authors: | |
| Format: | Tesis Section = Libro |
| Language: | Undetermined Spanish |
| Published: |
Managua
UNI
2004
|
| Subjects: |
| LEADER | 01053nam a2200253Ia 4500 | ||
|---|---|---|---|
| 008 | 240830s9999 xx 000 0 und d | ||
| 040 | |a BIBLIOTECA-RUPAP Mon 628.44 A174 | ||
| 041 | |a spa | ||
| 082 | |a Mon 628.44 A174 | ||
| 100 | 1 | |a Acevedo Marín, Jaime Moisés, | |
| 100 | 1 | |b Ortega Solano, Walter Alfredo | |
| 245 | 1 | 0 | |a Manejo integrado de los desechos sólidos municipales en la Concepción, Masaya 2003 |
| 260 | |a Managua |b UNI |c 2004 | ||
| 300 | |a 109 p. :il. | ||
| 500 | |a Contiene: anexos. | ||
| 502 | |a Tesis (Ingeniero Agrícola)- UNI, 2004. | ||
| 520 | 3 | |a Presenta el manejo integrado de los desechos sólidos municipales en la Concepción, Masaya 2003 en el cual se presenta el cálculo de la producción per cápita de los desechos sólidos, así como la estimación física de los desechos. | |
| 650 | 7 | |a DESECHOS SOLIDOS MUNICIPALES | |
| 650 | 7 | |b CLASIFICACION DE LOS DESECHOS SOLIDOS | |
| 650 | 7 | |c DESECHOS SOLIDOS DOMESTICOS | |
| 700 | 1 | |a Tutor: |b Moreno Ayestas, Sandra | |
| 942 | |c BK |2 ddc | ||
| 991 | |a TESIS | ||
| 999 | |c 16399 | ||